Top Players In College Football 25/26 - Statistics

General Stats
  • This quiz has been taken 43 times
  • The average score is 14 of 40
Answer Stats
Team Rating Answer % Correct
Colorado 99 Travis Hunter
94%
Boise State 96 Ashton Jeanty
81%
Ohio State 98 Jeremiah Smith
72%
LSU 96 Will Campbell
63%
Michigan 97 Will Johnson
59%
Notre Dame 95 Jeremiyah Love
56%
Alabama 95 Ryan Williams
53%
Oklahoma State 95 Ollie Gordon II
50%
Ohio State 95 Caleb Downs
47%
Ohio State 96 Caleb Downs
47%
Michigan 95 Mason Graham
44%
Texas 95 Anthony Hill Jr.
38%
Tennessee 95 James Pearce Jr.
38%
Arizona State 94 Jordan Tyson
38%
Ohio State 95 Quinshon Judkins
38%
Miami 95 Cam Ward
34%
Notre Dame 93 Leonard Moore
34%
Georgia 95 Malaki Starks
34%
Arizona 95 Tetairoa McMillan
34%
Clemson 94 Barrett Carter
31%
South Carolina 94 Dylan Stewart
31%
Missouri 94 Luther Burden III
31%
North Carolina 94 Omarion Hampton
31%
Clemson 94 Peter Woods
31%
Clemson 95 T.J. Parker
31%
Utah 94 Caleb Fano
28%
Vanderbilt 93 Eli Stowers
28%
Tennessee 94 Jerrod McCoy
28%
Texas 93 Collin Simmons
25%
Alabama 94 Kadyn Proctor
25%
Notre Dame 94 Benjamin Morrison
19%
Iowa 95 Jay Higgins
19%
Texas 94 Kelvin Banks Jr.
19%
Penn State 93 Nicholas Singleton
19%
Auburn 93 Keldrick Faulk
16%
Georgia 95 Tate Ratledge
16%
Notre Dame 94 Xavier Watts
16%
Texas A&M 93 Ar'maj Reed-Adams
6%
Oregon 93 Dillon Thieneman
6%
Miami 93 Francis Mauigoa
3%
No matching quizzes found
Score Distribution
Percent of People with Each Score
Percentile by Number Answered
Your Score History
You have not taken this quiz